| 000 | 00382 a2200133 4500 | ||
|---|---|---|---|
| 005 | 20250602174607.0 | ||
| 020 | _a81-259-1210-X | ||
| 082 | _aLECT 658.78 SAX | ||
| 100 | _aSAXEN, J. P. | ||
| 245 | _aWarehouse Management and Inventory Control. | ||
| 260 |
_aNew Delhi, _bVikas House LTD, _c2003. |
||
| 300 |
_axviii, 244p.: ill.; figure, picture, table _bIndex _c24cm |
||
| 942 |
_2ddc _cBKS |
||
| 999 |
_c3053 _d3053 |
||